Dark Knight Rises Quotes - Statistics

General Stats
  • This quiz has been taken 1,304 times
  • The average score is 9 of 14
Answer Stats
Hint Answer % Correct
Scarecrow: ______ or exile? death
89%
Bane: Speak of the _______, and he shall appear. devil
85%
Selina Kyle: There's a ______ coming Mr. Wayne. storm
82%
CIA Man: If I took that mask off would it hurt? Bane: It would be very painful... CIA Man: You're a big guy. Bane: ... for ___. you
82%
Bane: Ah yes! I was wondering what would break first, your ______ or your body. spirit
73%
(cont'd) Bane: My ___________ to die permission
71%
Bane: Then I will _____ you. Break
69%
Bane: Calm down Doctor! Now is not the time for ____. That comes later. fear
58%
Alfred: It means your hatred... and it also means losing someone that I have cared for since I first heard his ____ echo through this house. But it might also mean saving your life. And that is more important. cries
57%
Ras al Ghul: I told you I was __________ Bruce. Immortal
53%
Comissioner Gordon: You're a detective now son, you're not allowed to believe in ___________ anymore. coincidence
49%
Foley: A war hero, this is ______ time. peace
49%
Bruce Wayne: Mind if I _____ in? cut
44%
Bane: And once gotham is ______ then you have ashes
37%
No matching quizzes found
Score Distribution
Percent of People with Each Score
Percentile by Number Answered
Your Score History
You have not taken this quiz